Natural resource economics : notes and problems /
This book is divided into five parts: Resource allocation and Optimization; Renewable Resources; Nonrenewable Resources; Environmental Management; and Stochastic Resource Models.
Na minha lista:
| Autor principal: | |
|---|---|
| Outros Autores: | |
| Formato: | Livro |
| Idioma: | English |
| Publicado em: |
Cambridge [Cambridgeshire] ; New York :
Cambridge University Press,
1987.
|
| Assuntos: | |
| Tags: |
Adicionar Tag
Sem tags, seja o primeiro a adicionar uma tag!
|
| Thư viện lưu trữ: | Mạng thư viện Đại học Đà Nẵng |
|---|
| LEADER | 01188cam a2200373 i 4500 | ||
|---|---|---|---|
| 001 | 000047432 | ||
| 003 | 7107 | ||
| 005 | 20041029135740.0 | ||
| 008 | 010316b1987 vm 000 eng | ||
| 020 | |a 0521337690 | ||
| 040 | |a IRC |c IRC |d IRC | ||
| 041 | 0 | |a eng | |
| 082 | 1 | 4 | |a 333.7 |b CO-J |
| 100 | 1 | |a Conrad, Jon M. | |
| 245 | 1 | 0 | |a Natural resource economics : |b notes and problems / |c Jon M. Conrad and Colin W. Clark. |
| 260 | |a Cambridge [Cambridgeshire] ; New York : |b Cambridge University Press, |c 1987. | ||
| 300 | |a x, 231 p. : |b ill. ; |c 22 cm. | ||
| 520 | 3 | |a This book is divided into five parts: Resource allocation and Optimization; Renewable Resources; Nonrenewable Resources; Environmental Management; and Stochastic Resource Models. | |
| 630 | 0 | 4 | |a Economics. |
| 630 | 0 | 4 | |a Natural resources. |
| 630 | 0 | 4 | |a Environmental policy. |
| 650 | 0 | 4 | |a Natural resources. |
| 650 | 0 | 4 | |a Environmental policy. |
| 700 | 1 | |a Clark, Colin W. | |
| OWN | |a DUT | ||
| 999 | |a From the UDN01 | ||
| TYP | |a Monograph | ||
| TYP | |a Printed language | ||
| 980 | |a Mạng thư viện Đại học Đà Nẵng | ||


